000
00298nam a2200133Ia 4500
005
20251222155054.0
008
251222s9999||||xx |||||||||||||| ||spa||
082
_a
EPI. 16
100
_a
TIMBERLAKE.
245
0
_a
Desastres Naturales
250
_a
1ra. ed.
264
_b
Earthscan
942
_c
LIB
999
_c
37412
_d
37412